[Event "XLI Gold Cup"]
[Site "Merano - Meran ITA"]
[Date "2013.04.23"]
[Round "5"]
[White "Spanton, Timothy R."]
[Black "Fleischer, Frank"]
[Result "0-1"]
[WhiteElo "2022"]
[BlackElo "2212"]
[PlyCount "80"]
[EventDate "2013.04.19"]

1. b3 Nf6 2. Bb2 c5 3. e3 Nc6 4. Bb5 g6 5. f4 Bg7 6. Nf3 O-O 7. O-O Qc7 8. d3
d6 9. Nbd2 Bd7 10. a3 a6 11. Bxc6 Bxc6 12. Qe1 e6 13. Qh4 Qd8 14. e4 Nh5 15.
Qxd8 Raxd8 16. Bxg7 Nxg7 17. Rab1 f6 18. g3 e5 19. Nc4 b5 20. Ne3 Ne6 21. f5
Nd4 22. Nh4 Ne2+ 23. Kf2 Nc3 24. Rb2 Kg7 25. Nd1 Nxd1+ 26. Rxd1 d5 27. exd5
Bxd5 28. Rf1 e4 29. c4 Bc6 30. cxb5 Bxb5 31. Rc1 exd3 32. Rd2 Rd5 33. a4 Bc6
34. fxg6 hxg6 35. Re1 g5 36. Re6 Bxa4 37. bxa4 gxh4 38. Rxa6 Rc8 39. Ra5 Rd7
40. Ke1 c4 0-1

[Event "XLI Gold Cup"]
[Site "Merano - Meran ITA"]
[Date "2013.04.24"]
[Round "6"]
[White "Braun, Eric"]
[Black "Schweitzer, Paul"]
[Result "0-1"]
[WhiteElo "1835"]
[BlackElo "1724"]
[PlyCount "44"]
[EventDate "2013.04.19"]

1. d4 d5 2. Nf3 Nc6 3. Bf4 e6 4. e3 Bb4+ 5. c3 Bd6 6. Bg3 Nge7 7. Bd3 O-O 8.
Nbd2 Bxg3 9. hxg3 f5 10. Ne5 Nxe5 11. dxe5 Qe8 12. f4 Qg6 13. Kf2 c5 14. Qe2 a6
15. g4 b5 16. Nf3 Qxg4 17. Rh4 Qg6 18. Rah1 h6 19. g4 Bb7 20. Rg1 d4 21. gxf5
Bxf3 22. Qc2 dxe3+ 0-1

[Event "XLI Gold Cup"]
[Site "Merano - Meran ITA"]
[Date "2013.04.24"]
[Round "6"]
[White "Harsch, Martin"]
[Black "Achenbach, Manfred"]
[Result "0-1"]
[WhiteElo "1993"]
[BlackElo "2147"]
[PlyCount "34"]
[EventDate "2013.04.19"]

1. e4 c5 2. Nf3 d6 3. c3 Nf6 4. h3 Nc6 5. Bd3 e5 6. Bc2 Be7 7. O-O O-O 8. Re1
Qc7 9. d3 h6 10. Nbd2 Be6 11. Nf1 Rad8 12. Ng3 b5 13. Qe2 Rfe8 14. Be3 d5 15.
Nf5 dxe4 16. Nxe7+ Qxe7 17. dxe4 Bc4 0-1

[Event "XLI Gold Cup"]
[Site "Merano - Meran ITA"]
[Date "2013.04.24"]
[Round "6"]
[White "Herbold, Manfred"]
[Black "Fleischer, Frank"]
[Result "1/2-1/2"]
[WhiteElo "2084"]
[BlackElo "2212"]
[PlyCount "38"]
[EventDate "2013.04.19"]

1. e4 e6 2. d4 d5 3. Nc3 Nf6 4. Bg5 dxe4 5. Nxe4 Nbd7 6. Nf3 Be7 7. Nxf6+ Bxf6
8. Bxf6 Qxf6 9. c3 Qe7 10. Bd3 c5 11. O-O O-O 12. Qe2 Nf6 13. dxc5 Qxc5 14. Qe5
Qxe5 15. Nxe5 b6 16. a4 Rd8 17. Be2 Bb7 18. Rfd1 Kf8 19. Bf3 Bxf3 1/2-1/2

[Event "XLI Gold Cup"]
[Site "Merano - Meran ITA"]
[Date "2013.04.24"]
[Round "6"]
[White "Kelchner, Hans"]
[Black "Bohnstorff, Michael"]
[Result "1/2-1/2"]
[WhiteElo "2189"]
[BlackElo "2057"]
[PlyCount "70"]
[EventDate "2013.04.19"]

1. d4 d5 2. Bf4 c6 3. c3 Bf5 4. Nd2 e6 5. Ngf3 Bd6 6. Bg3 Bxg3 7. hxg3 h6 8. e3
Nd7 9. Be2 Ngf6 10. Qb3 Qb6 11. Qa3 c5 12. Rc1 O-O 13. O-O cxd4 14. exd4 Ne4
15. Nxe4 Bxe4 16. Rfe1 Rfe8 17. Nd2 Bg6 18. Bf3 Nf6 19. g4 Red8 20. g3 Bd3 21.
Re3 Bg6 22. Rce1 Rac8 23. Nb3 Be4 24. Bd1 Bh7 25. f3 Nd7 26. Kg2 Re8 27. Nd2
Nf6 28. Ba4 Red8 29. Re5 a6 30. g5 hxg5 31. Rxg5 Qd6 32. Qxd6 Rxd6 33. Bd1 Bd3
34. Be2 Bxe2 35. Rxe2 g6 1/2-1/2

[Event "XLI Gold Cup"]
[Site "Merano - Meran ITA"]
[Date "2013.04.24"]
[Round "6"]
[White "Opitz, Christian"]
[Black "Spanton, Timothy R."]
[Result "1-0"]
[WhiteElo "2029"]
[BlackElo "2022"]
[PlyCount "93"]
[EventDate "2013.04.19"]

1. e4 e6 2. d4 d5 3. e5 c5 4. Qg4 cxd4 5. Nf3 Nc6 6. Bd3 Qc7 7. Bf4 Nge7 8. O-O
Ng6 9. Re1 Nxf4 10. Qxf4 f6 11. Nbd2 fxe5 12. Nxe5 Nxe5 13. Bb5+ Bd7 14. Bxd7+
Qxd7 15. Qxe5 Bb4 16. Qxe6+ Qxe6 17. Rxe6+ Kd7 18. Re2 Rhe8 19. Rxe8 Rxe8 20.
Nb3 Re2 21. Rc1 d3 22. Kf1 Rxc2 23. Rxc2 dxc2 24. Ke2 Bd6 25. Kd2 Bxh2 26. Kxc2
Bg1 27. Nc5+ Kd6 28. Nxb7+ Ke5 29. Nc5 g5 30. Kd2 h5 31. Ke2 h4 32. Kf3 Kf5 33.
g4+ Ke5 34. Kg2 Bxf2 35. Kxf2 Kf4 36. b4 Kxg4 37. b5 Kf4 38. a4 g4 39. a5 Ke5
40. b6 axb6 41. a6 bxc5 42. a7 Ke4 43. a8=Q c4 44. Qe8+ Kf5 45. Qd7+ Kf4 46.
Qxd5 g3+ 47. Kg2 1-0

[Event "XLI Gold Cup"]
[Site "Merano - Meran ITA"]
[Date "2013.04.24"]
[Round "6"]
[White "Popa, Claudiu"]
[Black "Krieger, Hermann"]
[Result "1/2-1/2"]
[WhiteElo "2149"]
[BlackElo "2263"]
[PlyCount "50"]
[EventDate "2013.04.19"]

1. e4 c5 2. c3 d6 3. d4 Nd7 4. Be3 Qc7 5. f3 g6 6. Bd3 Bg7 7. Ne2 Ngf6 8. O-O
O-O 9. a4 e6 10. Na3 a6 11. b4 b6 12. Qd2 Bb7 13. Bh6 Rac8 14. Bxg7 Kxg7 15.
Rac1 h6 16. Qe3 Ng8 17. g4 e5 18. d5 Ra8 19. Ng3 Qd8 20. Nc4 Qe7 21. a5 b5 22.
Nb2 c4 23. Bc2 Qg5 24. Nd1 Rae8 25. Kg2 Ne7 1/2-1/2

[Event "XLI Gold Cup"]
[Site "Merano - Meran ITA"]
[Date "2013.04.24"]
[Round "6"]
[White "Schleime, Franz-Josef"]
[Black "Mahrla, Hans"]
[Result "1-0"]
[WhiteElo "1751"]
[BlackElo "1821"]
[PlyCount "57"]
[EventDate "2013.04.19"]

1. d4 Nf6 2. Nf3 d5 3. Bf4 e6 4. e3 c5 5. c3 Nc6 6. Bd3 Nh5 7. Bg3 Nxg3 8. hxg3
g6 9. Nbd2 Bd7 10. Qe2 b6 11. e4 dxe4 12. Nxe4 cxd4 13. cxd4 Nb4 14. Bc4 Rc8
15. Bb3 Be7 16. a3 Nc6 17. d5 Na5 18. dxe6 fxe6 19. Ba2 Rc7 20. Rd1 Qc8 21. Ne5
Ba4 22. b3 Nxb3 23. Bxb3 O-O 24. Bxa4 Bxa3 25. O-O Kh8 26. Rd7 Rxd7 27. Bxd7
Qc7 28. Ng5 Rf6 29. Ngf3 1-0

[Event "XLI Gold Cup"]
[Site "Merano - Meran ITA"]
[Date "2013.04.24"]
[Round "6"]
[White "Segelken, Peter"]
[Black "Kumeth, Hartmut"]
[Result "1/2-1/2"]
[WhiteElo "1791"]
[BlackElo "1793"]
[PlyCount "38"]
[EventDate "2013.04.19"]

1. e4 e6 2. Nf3 b6 3. Nc3 Bb7 4. d3 Be7 5. Be3 d6 6. Be2 Nf6 7. h3 Nbd7 8. Nh2
c5 9. O-O a6 10. f4 Qc7 11. a4 c4 12. Bf3 Nc5 13. e5 dxe5 14. Bxb7 Nxb7 15.
fxe5 Qxe5 16. Qf3 O-O 17. Rae1 Qc7 18. dxc4 Nd6 19. b3 Nf5 1/2-1/2

[Event "XLI Gold Cup"]
[Site "Merano - Meran ITA"]
[Date "2013.04.24"]
[Round "6"]
[White "Wempe, Juergen"]
[Black "Neumann, Han H.W.M."]
[Result "1/2-1/2"]
[WhiteElo "2148"]
[BlackElo "2098"]
[PlyCount "31"]
[EventDate "2013.04.19"]

1. d4 f5 2. Nf3 Nf6 3. g3 g6 4. Bg2 Bg7 5. c4 O-O 6. Nc3 d6 7. O-O Qe8 8. Bd2
e5 9. dxe5 dxe5 10. Nb5 Rf7 11. Nxe5 Qxe5 12. Bf4 Qe8 13. Nxc7 Rxc7 14. Bxc7
Nc6 15. Rc1 Be6 16. b4 1/2-1/2

[Event "XLI Gold Cup"]
[Site "Merano - Meran ITA"]
[Date "2013.04.25"]
[Round "7"]
[White "Achenbach, Manfred"]
[Black "Kelchner, Hans"]
[Result "1/2-1/2"]
[WhiteElo "2147"]
[BlackElo "2189"]
[PlyCount "70"]
[EventDate "2013.04.19"]

1. Nf3 d5 2. g3 e6 3. Bg2 Nf6 4. O-O Be7 5. d4 O-O 6. c4 c5 7. cxd5 exd5 8. Nc3
Nc6 9. Bg5 cxd4 10. Nxd4 h6 11. Be3 Bb4 12. Qb3 Bxc3 13. Qxc3 Na5 14. b3 Bd7
15. Rac1 Nc6 16. Nxc6 bxc6 17. Bd4 a5 18. Bxf6 Qxf6 19. Qxf6 gxf6 20. e4 dxe4
21. Bxe4 Rfc8 22. Rc5 a4 23. Rd1 axb3 24. axb3 Be6 25. b4 Ra4 26. Rb1 Rb8 27.
h4 Raxb4 28. Rxb4 Rxb4 29. Bxc6 Rc4 30. Rxc4 Bxc4 31. Kg2 Kg7 32. Kf3 Bb3 33.
Be4 Ba4 34. Kf4 Bb5 35. Kg4 Ba4 1/2-1/2

[Event "XLI Gold Cup"]
[Site "Merano - Meran ITA"]
[Date "2013.04.25"]
[Round "7"]
[White "Fleischer, Frank"]
[Black "Popa, Claudiu"]
[Result "1-0"]
[WhiteElo "2212"]
[BlackElo "2149"]
[PlyCount "115"]
[EventDate "2013.04.19"]

1. e4 e5 2. Nf3 Nf6 3. Nxe5 d6 4. Nf3 Nxe4 5. d3 Nf6 6. d4 d5 7. Bd3 Bd6 8. Bg5
Qe7+ 9. Qe2 Qxe2+ 10. Bxe2 Ne4 11. Be3 O-O 12. Nbd2 Nxd2 13. Kxd2 Nd7 14. Rae1
Nf6 15. Ne5 Re8 16. Nd3 Ne4+ 17. Kd1 c6 18. Bf1 h6 19. f3 Nf6 20. g4 Nh7 21. h4
f5 22. g5 hxg5 23. hxg5 g6 24. Rh6 Kg7 25. Nf4 Bxf4 26. Bxf4 Rxe1+ 27. Kxe1 Nf8
28. Be5+ Kf7 29. f4 Be6 30. Kd2 Rd8 31. Ke3 Rd7 32. Bd3 Ke8 33. b3 Kf7 34. Bb8
b5 35. a3 Ke8 36. Be5 Kd8 37. Rh8 Ke8 38. Kd2 Rh7 39. Rxh7 Nxh7 40. Kc3 Nf8 41.
Bb8 a6 42. Kb4 Bc8 43. Bd6 Ne6 44. Be5 Kd7 45. c4 Bb7 46. cxd5 cxd5 47. a4 bxa4
48. bxa4 Kc6 49. Ka5 Nf8 50. Kb4 Bc8 51. Bc2 Nd7 52. a5 Nxe5 53. Ba4+ Kd6 54.
dxe5+ Ke7 55. Kc5 Bb7 56. Bb3 Bc8 57. Kc6 Bd7+ 58. Kc5 1-0

[Event "XLI Gold Cup"]
[Site "Merano - Meran ITA"]
[Date "2013.04.25"]
[Round "7"]
[White "Koch, Dieter"]
[Black "Braun, Eric"]
[Result "0-1"]
[WhiteElo "1817"]
[BlackElo "1835"]
[PlyCount "84"]
[EventDate "2013.04.19"]

1. d4 f5 2. Bg5 Nf6 3. e3 g6 4. Nd2 Bg7 5. Be2 d6 6. Nh3 h6 7. Bf4 O-O 8. c3
Qe8 9. Qc2 e5 10. Bg3 Nc6 11. Nf3 g5 12. dxe5 dxe5 13. Bc4+ Kh8 14. Nfxg5 hxg5
15. Nxg5 Na5 16. Be2 c5 17. Rd1 Qe7 18. h4 Ne4 19. Nxe4 fxe4 20. h5 Bf5 21. Bh4
Bf6 22. Bg3 Rad8 23. h6 Kh7 24. f4 Qe6 25. Rh5 Kh8 26. fxe5 Rxd1+ 27. Qxd1 Rd8
28. Qc2 Bxe5 29. Bxe5+ Qxe5 30. Kf1 Rf8 31. Kg1 Qg3 32. c4 Qxe3+ 33. Kh1 Qf2
34. Qc3+ Qd4 35. Qe1 Nc6 36. b3 e3 37. Rh4 Qd2 38. Qa1+ Nd4 39. Rxd4 Qxd4 40.
Qe1 Qf4 41. Kg1 Qf2+ 42. Qxf2 exf2+ 0-1

[Event "XLI Gold Cup"]
[Site "Merano - Meran ITA"]
[Date "2013.04.25"]
[Round "7"]
[White "Kumeth, Hartmut"]
[Black "Thonig, Manfred"]
[Result "1-0"]
[WhiteElo "1793"]
[BlackElo "1655"]
[PlyCount "75"]
[EventDate "2013.04.19"]

1. d4 e5 2. dxe5 Nc6 3. e6 fxe6 4. e3 Nf6 5. Bd3 d5 6. Ne2 Bb4+ 7. Bd2 Qe7 8.
c3 Bd6 9. b4 Ne5 10. Nc1 Nfg4 11. Be2 h5 12. f4 Qf7 13. Bxg4 Nxg4 14. Qf3 Bd7
15. a4 a6 16. Nd3 O-O-O 17. Na3 Qg6 18. Nb2 Rdf8 19. b5 Bxa3 20. Rxa3 a5 21. h3
Ne5 22. Qe2 Nc4 23. Nxc4 dxc4 24. Qxc4 Qb1+ 25. Kf2 Qxh1 26. b6 Bc6 27. e4 Qh2
28. Qxe6+ Bd7 29. Qe5 Kb8 30. Qxc7+ Ka8 31. c4 Bc6 32. Qe5 Re8 33. Qxa5+ Kb8
34. Rd3 Qxg2+ 35. Kxg2 Bxe4+ 36. Rf3 Bxf3+ 37. Kxf3 Kc8 38. Qc5+ 1-0

[Event "XLI Gold Cup"]
[Site "Merano - Meran ITA"]
[Date "2013.04.25"]
[Round "7"]
[White "Opitz, Christian"]
[Black "Wempe, Juergen"]
[Result "0-1"]
[WhiteElo "2029"]
[BlackElo "2148"]
[PlyCount "46"]
[EventDate "2013.04.19"]

1. e4 e5 2. Nf3 d6 3. d4 Nd7 4. c4 Ngf6 5. Nc3 Be7 6. Be2 O-O 7. O-O Re8 8. Qc2
c6 9. h3 Qc7 10. Be3 b6 11. Rac1 a6 12. Nd2 Nf8 13. c5 exd4 14. cxb6 Qxb6 15.
Na4 Qa7 16. Bf4 Ne6 17. Bg3 c5 18. e5 dxe5 19. Bxe5 Bd7 20. Nc4 Bc6 21. Bd3 h6
22. Nd6 Bxd6 23. Bxd6 Qd7 0-1

[Event "XLI Gold Cup"]
[Site "Merano - Meran ITA"]
[Date "2013.04.25"]
[Round "7"]
[White "Schoknecht, Sabine"]
[Black "Aufmwasser, Guenter"]
[Result "1/2-1/2"]
[WhiteElo "1694"]
[BlackElo "1754"]
[PlyCount "68"]
[EventDate "2013.04.19"]

1. d4 f5 2. c3 Nf6 3. Bf4 e6 4. e3 d5 5. Nd2 Be7 6. Be2 O-O 7. h3 Nbd7 8. Qc2
Ne4 9. Ngf3 Ndf6 10. Ne5 Nxd2 11. Qxd2 Ne4 12. Qc2 c6 13. Bd3 b5 14. Nxc6 Qe8
15. Ne5 a6 16. Qe2 Nf6 17. g4 Nd7 18. Nf3 Nf6 19. Be5 Ne4 20. Qf1 b4 21. c4 a5
22. Qg2 Bf6 23. Bxf6 Nxf6 24. Ne5 Nd7 25. cxd5 Nxe5 26. dxe5 exd5 27. Qxd5+ Be6
28. Qg2 Qd8 29. Be2 Qg5 30. Rd1 fxg4 31. Qg3 Rad8 32. Bxg4 Rxd1+ 33. Kxd1 Qd8+
34. Ke1 Bc4 1/2-1/2

[Event "XLI Gold Cup"]
[Site "Merano - Meran ITA"]
[Date "2013.04.25"]
[Round "7"]
[White "Spanton, Timothy R."]
[Black "Boldt, Heinrich"]
[Result "1-0"]
[WhiteElo "2022"]
[BlackElo "1929"]
[PlyCount "63"]
[EventDate "2013.04.19"]

1. e4 c5 2. Nf3 Nc6 3. Bb5 g6 4. c3 Bg7 5. d4 cxd4 6. cxd4 e6 7. O-O Nge7 8. d5
Ne5 9. Nc3 Nxf3+ 10. Qxf3 O-O 11. d6 Nc6 12. Rd1 Ne5 13. Qe2 a6 14. Ba4 b5 15.
Bb3 Bb7 16. f4 Nc6 17. Be3 Qa5 18. Rac1 Rfc8 19. Qf2 Nd8 20. f5 b4 21. Bb6 Qe5
22. Bd4 Qa5 23. Bxg7 Kxg7 24. f6+ Kg8 25. Na4 Qg5 26. Rc5 Rxc5 27. Nxc5 Rc8 28.
Nxd7 Bxe4 29. h4 Qh5 30. Re1 Bf5 31. Bd1 Qh6 32. g4 1-0

[Event "XLI Gold Cup"]
[Site "Merano - Meran ITA"]
[Date "2013.04.26"]
[Round "8"]
[White "Achenbach, Manfred"]
[Black "Krieger, Hermann"]
[Result "1/2-1/2"]
[WhiteElo "2147"]
[BlackElo "2263"]
[PlyCount "49"]
[EventDate "2013.04.19"]

1. Nf3 f5 2. d4 Nf6 3. g3 g6 4. Bg2 Bg7 5. c4 d6 6. Nc3 O-O 7. O-O c6 8. b4 e5
9. dxe5 dxe5 10. Qb3 e4 11. Rd1 Qe7 12. Nd4 Rd8 13. Bf4 Qf7 14. Ndb5 Rd7 15.
Nd6 Qe6 16. Nxc8 Rxd1+ 17. Rxd1 Qxc8 18. c5+ Kh8 19. Qf7 Nbd7 20. Rd6 Qe8 21.
Qb3 Bf8 22. Rd1 Ne5 23. f3 exf3 24. exf3 Nf7 25. h4 1/2-1/2

[Event "XLI Gold Cup"]
[Site "Merano - Meran ITA"]
[Date "2013.04.26"]
[Round "8"]
[White "Bauer, Dieter"]
[Black "Aigner, Georg"]
[Result "0-1"]
[WhiteElo "1778"]
[BlackElo "1942"]
[PlyCount "54"]
[EventDate "2013.04.19"]

1. d4 Nf6 2. Nf3 e6 3. e3 d5 4. Bd3 c5 5. b3 cxd4 6. exd4 Bb4+ 7. c3 Bd6 8.
Nbd2 Nbd7 9. O-O b6 10. Qe2 a5 11. Bb2 O-O 12. Ne5 Bb7 13. f4 g6 14. Rf3 Nh5
15. g4 Ng7 16. Re1 f6 17. Nxd7 Qxd7 18. Rf2 e5 19. fxe5 fxe5 20. Rxf8+ Rxf8 21.
Bb5 Qe6 22. h3 h5 23. Qg2 hxg4 24. hxg4 Rf4 25. Be2 exd4 26. cxd4 Qe3+ 27. Kh1
Qxd2 0-1

[Event "XLI Gold Cup"]
[Site "Merano - Meran ITA"]
[Date "2013.04.26"]
[Round "8"]
[White "Collins, Alan"]
[Black "Hager, Eberhard"]
[Result "1/2-1/2"]
[WhiteElo "1762"]
[BlackElo "1913"]
[PlyCount "45"]
[EventDate "2013.04.19"]

1. d4 Nf6 2. Nf3 e6 3. e3 c5 4. Bd3 Nc6 5. dxc5 Bxc5 6. O-O O-O 7. a3 Be7 8. b3
d5 9. Bb2 Qc7 10. Nbd2 Rd8 11. Qe1 Ng4 12. h3 Nge5 13. Nxe5 Nxe5 14. Rc1 Bf6
15. Bd4 Qd6 16. Bxe5 Bxe5 17. a4 Bc3 18. Qe2 e5 19. Nb1 Qc7 20. Nxc3 Qxc3 21.
Qe1 Qc6 22. e4 d4 23. f4 1/2-1/2

[Event "XLI Gold Cup"]
[Site "Merano - Meran ITA"]
[Date "2013.04.26"]
[Round "8"]
[White "Kargoll, Peter"]
[Black "Herbold, Manfred"]
[Result "1/2-1/2"]
[WhiteElo "2210"]
[BlackElo "2084"]
[PlyCount "46"]
[EventDate "2013.04.19"]

1. d4 Nf6 2. Nf3 e6 3. c4 Bb4+ 4. Bd2 Qe7 5. a3 Bxd2+ 6. Nbxd2 d6 7. e3 e5 8.
dxe5 dxe5 9. Qc2 O-O 10. Bd3 Nbd7 11. Ng5 h6 12. Nge4 a5 13. O-O a4 14. Rae1
Nxe4 15. Bxe4 Nc5 16. f4 Ra6 17. Bd5 Rd6 18. fxe5 Qxe5 19. Nf3 Qh5 20. Nd4 c6
21. Be4 g6 22. Bf3 Qe5 23. Qc3 Re8 1/2-1/2

[Event "XLI Gold Cup"]
[Site "Merano - Meran ITA"]
[Date "2013.04.26"]
[Round "8"]
[White "Marek, Herbert"]
[Black "Opitz, Christian"]
[Result "1-0"]
[WhiteElo "1835"]
[BlackElo "2029"]
[PlyCount "69"]
[EventDate "2013.04.19"]

1. d4 Nf6 2. c4 e6 3. Nc3 Bb4 4. e3 O-O 5. Bd3 d6 6. Nf3 Nbd7 7. O-O Bxc3 8.
bxc3 Re8 9. Qc2 e5 10. Nd2 Qe7 11. Bb2 Nf8 12. Rae1 e4 13. Be2 Bf5 14. Qd1 Ng6
15. Kh1 Qd7 16. Rg1 Qc6 17. g4 Bc8 18. Rg3 Nh4 19. Reg1 g5 20. d5 Qb6 21. Ba1
Bd7 22. Nb3 Ba4 23. Qb1 Bxb3 24. axb3 c6 25. c5 dxc5 26. c4 cxd5 27. cxd5 Nxd5
28. Qb2 f6 29. Bc4 Rad8 30. Rd1 Qc6 31. Qxf6 Qxf6 32. Bxf6 Rd6 33. Bxg5 Kg7 34.
Bxh4 Re5 35. Rgg1 1-0

[Event "XLI Gold Cup"]
[Site "Merano - Meran ITA"]
[Date "2013.04.26"]
[Round "8"]
[White "Popa, Claudiu"]
[Black "Spanton, Timothy R."]
[Result "1-0"]
[WhiteElo "2149"]
[BlackElo "2022"]
[PlyCount "75"]
[EventDate "2013.04.19"]

1. e4 e5 2. Nf3 Nc6 3. Nc3 Nf6 4. d4 exd4 5. Nxd4 Bb4 6. Nxc6 bxc6 7. Bd3 O-O
8. O-O d5 9. exd5 cxd5 10. Bg5 c6 11. Na4 h6 12. Bh4 Re8 13. c4 Be6 14. Rc1 Rb8
15. b3 Be7 16. Re1 Bb4 17. Rf1 Be7 18. cxd5 cxd5 19. Nc5 Bg4 20. f3 Bh5 21. Bf2
Qa5 22. Rc2 Bd6 23. Qd2 Qxd2 24. Rxd2 Bf4 25. Rc2 Rbc8 26. Bd4 Be3+ 27. Bxe3
Rxe3 28. Bf5 Rce8 29. Kf2 R3e5 30. Bd3 d4 31. Rd1 Nd5 32. Rdd2 Ne3 33. Rc1 R8e7
34. g4 Bg6 35. Bxg6 fxg6 36. Rxd4 Nd5 37. Re4 Nb4 38. Rxb4 1-0

[Event "XLI Gold Cup"]
[Site "Merano - Meran ITA"]
[Date "2013.04.26"]
[Round "8"]
[White "Weinberg, Emanuele"]
[Black "Herrmann, Matthias"]
[Result "0-1"]
[WhiteElo "1788"]
[BlackElo "1555"]
[PlyCount "72"]
[EventDate "2013.04.19"]

1. d4 Nf6 2. c4 e6 3. Nc3 Bb4 4. Qc2 O-O 5. a3 Bxc3+ 6. bxc3 c5 7. g3 Qa5 8.
Bd2 d6 9. Bg2 Nc6 10. Nf3 Qc7 11. O-O Na5 12. Qa2 e5 13. dxe5 dxe5 14. Ng5 h6
15. Ne4 Nd7 16. Be3 f5 17. Nd2 f4 18. Bd5+ Kh8 19. Qc2 Nb6 20. Bxc5 Qxc5 21.
Ne4 Qe7 22. Rfd1 Naxc4 23. Qb3 Nxd5 24. Qxc4 Nb6 25. Qd3 Bf5 26. Qd6 Qxd6 27.
Nxd6 Bc2 28. Rd2 Ba4 29. c4 Bc6 30. c5 Na4 31. Rc1 fxg3 32. hxg3 Rf6 33. Rc4
Kh7 34. f3 Rd8 35. Kf2 Nxc5 36. Rxc5 Rfxd6 0-1

[Event "XLI Gold Cup"]
[Site "Merano - Meran ITA"]
[Date "2013.04.26"]
[Round "8"]
[White "Wempe, Juergen"]
[Black "Fleischer, Frank"]
[Result "1/2-1/2"]
[WhiteElo "2148"]
[BlackElo "2212"]
[PlyCount "28"]
[EventDate "2013.04.19"]

1. e4 e6 2. d3 d5 3. Nd2 Nf6 4. g3 Bc5 5. Bg2 dxe4 6. dxe4 Nc6 7. Ngf3 e5 8.
O-O O-O 9. h3 a5 10. Qe2 b6 11. Rd1 Ba6 12. c4 Qe7 13. Nb3 Bd6 14. Rb1 Qe6
1/2-1/2

[Event "XLI Gold Cup"]
[Site "Merano - Meran ITA"]
[Date "2013.04.27"]
[Round "9"]
[White "Fleischer, Frank"]
[Black "Kargoll, Peter"]
[Result "1/2-1/2"]
[WhiteElo "2212"]
[BlackElo "2210"]
[PlyCount "32"]
[EventDate "2013.04.19"]

1. e4 e6 2. d4 d5 3. exd5 exd5 4. Bd3 Nc6 5. c3 Bd6 6. Nf3 Nge7 7. Qc2 Bg4 8.
Be3 Qd7 9. Nbd2 h6 10. O-O-O O-O-O 11. Rde1 Bf5 12. h3 Rde8 13. Re2 Bxd3 14.
Qxd3 Qf5 15. Kc2 Qxd3+ 16. Kxd3 Nf5 1/2-1/2

[Event "XLI Gold Cup"]
[Site "Merano - Meran ITA"]
[Date "2013.04.27"]
[Round "9"]
[White "Hager, Eberhard"]
[Black "Schleime, Franz-Josef"]
[Result "1-0"]
[WhiteElo "1913"]
[BlackElo "1751"]
[PlyCount "61"]
[EventDate "2013.04.19"]

1. e4 c5 2. Nf3 e6 3. d4 cxd4 4. Nxd4 a6 5. Nc3 d6 6. Be2 Nd7 7. O-O Ngf6 8.
Be3 Qc7 9. Kh1 b6 10. f3 Bb7 11. Qe1 Be7 12. Qg3 Nh5 13. Qh3 Nhf6 14. Rac1 Nc5
15. Qg3 h5 16. Bg5 Ncd7 17. Qf2 Qc5 18. Be3 Qc7 19. Nb3 Nc5 20. Rfd1 Rd8 21.
Nxc5 dxc5 22. Rxd8+ Qxd8 23. Qg3 Rg8 24. Rd1 Qc8 25. e5 Nd5 26. Bg5 Nxc3 27.
bxc3 Qc7 28. Bd3 f5 29. exf6 Qxg3 30. Bg6+ Kf8 31. fxe7# 1-0

[Event "XLI Gold Cup"]
[Site "Merano - Meran ITA"]
[Date "2013.04.27"]
[Round "9"]
[White "Herbold, Manfred"]
[Black "Wempe, Juergen"]
[Result "1/2-1/2"]
[WhiteElo "2084"]
[BlackElo "2148"]
[PlyCount "22"]
[EventDate "2013.04.19"]

1. d4 f5 2. g3 Nf6 3. Bg2 e6 4. Nh3 d5 5. O-O Be7 6. Nd2 c5 7. c3 Nc6 8. Nf3
Ne4 9. Nf4 O-O 10. Nd3 cxd4 11. cxd4 Bf6 1/2-1/2

[Event "XLI Gold Cup"]
[Site "Merano - Meran ITA"]
[Date "2013.04.27"]
[Round "9"]
[White "Kumeth, Hartmut"]
[Black "Bauer, Dieter"]
[Result "0-1"]
[WhiteElo "1793"]
[BlackElo "1778"]
[PlyCount "60"]
[EventDate "2013.04.19"]

1. d4 Nf6 2. c4 c5 3. e3 g6 4. Nf3 Bg7 5. Nc3 b6 6. Be2 Bb7 7. d5 d6 8. h3 Na6
9. e4 Nd7 10. Bg5 Nc7 11. Qd2 a6 12. Rc1 b5 13. b3 b4 14. Nd1 a5 15. Bh6 Bxh6
16. Qxh6 Nf6 17. Qf4 e5 18. Qe3 Qe7 19. Nb2 Nh5 20. g3 Bc8 21. Nh4 Ng7 22. Ng2
f5 23. f3 Bd7 24. Bd3 O-O 25. Rc2 Nh5 26. exf5 gxf5 27. Nf4 Qg5 28. Rg1 Rae8
29. Kf2 exf4 30. Qxe8 fxg3+ 0-1

[Event "XLI Gold Cup"]
[Site "Merano - Meran ITA"]
[Date "2013.04.27"]
[Round "9"]
[White "Opitz, Christian"]
[Black "Schweitzer, Paul"]
[Result "1-0"]
[WhiteElo "2029"]
[BlackElo "1724"]
[PlyCount "119"]
[EventDate "2013.04.19"]

1. e4 b6 2. d4 e6 3. Nf3 Bb4+ 4. c3 Be7 5. Bd3 h5 6. O-O h4 7. h3 c5 8. Ne5
cxd4 9. Qf3 Nf6 10. Nxf7 Kxf7 11. e5 Nc6 12. exf6 gxf6 13. cxd4 Rb8 14. d5 Ne5
15. Qe2 Nxd3 16. Qxd3 Qc7 17. Nc3 b5 18. Rd1 Qc4 19. Be3 a6 20. Rac1 Qxd3 21.
Rxd3 Bb7 22. dxe6+ dxe6 23. Rd7 Rhc8 24. Rcd1 b4 25. Ne2 Bd5 26. Bf4 Rb6 27.
Be3 Rbc6 28. Nd4 R6c7 29. Rxc7 Rxc7 30. b3 Rc8 31. f3 Rc3 32. Bf2 Bc5 33. Kf1
Bxd4 34. Rxd4 Rc1+ 35. Ke2 a5 36. Rd2 Bc6 37. Bxh4 a4 38. bxa4 Bxa4 39. Rb2
Rc2+ 40. Rxc2 Bxc2 41. Kd2 Bb1 42. Bf2 Bxa2 43. Bc5 b3 44. Kc1 Kg6 45. g3 e5
46. Be3 Kf5 47. g4+ Kg6 48. h4 f5 49. h5+ Kf6 50. g5+ Kg7 51. Kb2 Kh7 52. Bd2
e4 53. fxe4 fxe4 54. Bf4 Kg7 55. Be3 Kf7 56. Bd4 Kg8 57. g6 e3 58. Bxe3 Bb1 59.
Kxb1 b2 60. h6 1-0